00758nam a22002417a 450000500170000001000110001702000100002803500110003803700160004904000120006508200170007710000260009424500540012026000510017427000210022530000260024650000190027265000280029165000300031994200260034999900190037595201220039420170124110204.0 a034199 c00.00 a034199 bCen Lib/Ret aDPLbEN a181.492bTAT aTatia, Nathmal936922 aStudies in jaina philosophy /cby Nathmal Tatia aBanarasbJain Cultural Research Society c1951 aBanarasbBanaras axxxv,327p. c23cm(Hb) aIncludes index aJaina philosophy936923 aJainism--Doctrines936924 2ddccENh181.492mTAT c133133d133133 00104070aLbLd2015-07-24eCen Lib/Retg0.00l0o181.492 TATp034199r2015-07-24 00:00:00t1v0.00w2015-07-24yEN